000 00304nam a22001337a 4500
003 SGT
020 _a9788195606719
082 _a080
_bA22S
100 _aSIMLAI, NEHA
245 _aANNUAL COMPENDIUM 2021
260 _bSOCIAL AND POLITICAL RESEARCH FOUNDATION
_c2022
300 _a628
942 _2ddc
_cBK
999 _c31479
_d31479